000 00925nam0a22002651 4500
001 rc\907780
005 20041129094630.0
035 _a(NLR Aleph) 006082718
090 _a5101386
_c5101386
100 _a20041129d1983 u |0rusy50 ca
101 0 _arus
102 _aRU
105 _ay |||||||||
200 1 _aМини-ЭВМ в физическом эксперименте
_eОперац. системы реальн. времени
_e[Учеб. пособие]
_fК.Г. Финогенов, А.А. Зубец, М.П. Шарак
210 _aМ.
_cМИФИ
_d1983
215 _a92 с.
_d20
300 _aВ надзаг.: Моск. инж-физ. ин-т
700 1 _aФиногенов
_bК. Г.
_gКирилл Григорьевич
701 1 _aЗубец
_bА. А.
701 1 _aШарак
_bМ. П.
801 0 _aRU
_bNLR
_gpsbo
801 1 _aRU
_bELAR
_2rusmarc
852 _aNLR
_j83-4/28000
942 _cBOOK
980 _aNB